[Event "Interzonal-16"]
[Site "Biel"]
[Date "1993.??.??"]
[Round "13"]
[White "Sokolov, Ivan"]
[Black "Xu, Jun"]
[Result "1-0"]
[WhiteElo "2640"]
[BlackElo "2535"]
[Annotator "Ambroz,J"]
[PlyCount "123"]
[EventDate "1993.07.16"]
[EventType "swiss"]
[EventRounds "13"]
[EventCountry "SUI"]
[SourceTitle "CBM 037"]
[Source "ChessBase"]
[SourceDate "1993.12.01"]
[SourceVersion "1"]
[SourceVersionDate "1993.12.01"]
[SourceQuality "1"]

1. d4 Nf6 2. c4 e6 3. Nc3 Bb4 4. Qc2 O-O 5. a3 Bxc3+ 6. Qxc3 b6 7. Nf3 Bb7 8.
e3 d6 9. Be2 Nbd7 10. O-O Ne4 11. Qc2 f5 12. b4 a5 (12... Qf6 13. Bb2 (13. Ne1
$1 {Van der Wiel}) 13... Qh6 14. d5 Rae8 15. Qa4 Re7 $8 16. Nd4 e5 17. Ne6 Rf6
18. f4 Rg6 19. Qxa7 $6 (19. Bf3 $1) 19... Rxg2+ $1 20. Kxg2 Rxe6 21. Rf3 (21.
dxe6 $8 Qg6+ 22. Kh3 Qh6+ $10) 21... Rg6+ $40 {Sokolov,I-Van der Wiel, Wijk
aan Zee 1993}) (12... Ndf6 13. d5 e5 14. Ne1 a5 15. f3 Ng5 16. Rb1 axb4 17.
axb4 Bc8 $13 {Sokolov,I-Khalifman, Manila ol 1992}) 13. Bb2 Ng5 14. Ne1 (14. d5
Nxf3+ 15. Bxf3 e5 16. Be2 Qe7 17. f3 g6 18. Bd3 Nf6 19. Rae1 axb4 20. axb4 b5
$1 $15 {Sokolov,I-Anand, Brussels 1992}) 14... axb4 15. axb4 Rxa1 16. Bxa1 e5 (
16... Nh3+ $5 17. Kh1 (17. gxh3 $2 Qg5+ 18. Bg4 fxg4 19. h4 Qxh4 $19) 17... f4
18. f3 (18. d5 $5 exd5 (18... Ng5 19. h4) 19. gxh3 Qa8 $5 $40 20. Qb2 Ne5) (18.
Nf3 fxe3 (18... Ng5 19. Nxg5 Qxg5 20. e4 e5 21. c5 dxc5 22. dxc5 Qg6 23. f3 $14
) 19. fxe3 Ng5 $10) (18. Bf3 Bxf3 19. Nxf3 Ng5 $10) 18... Ng5 19. e4 $14) 17.
dxe5 dxe5 18. f3 Qe7 19. Qc3 {/^ a1-h8} (19. c5 bxc5 20. bxc5 Nxc5 (20... Qxc5
21. Qxc5 Nxc5 22. Bxe5 $14) 21. Bb2 $44) 19... Ne6 20. Nc2 f4 {>< d4} (20... c5
$1 21. Bb2 (21. f4 exf4 22. exf4 Nf6 $36) 21... f4 22. bxc5 bxc5 23. Ra1 $10)
21. c5 $1 bxc5 (21... fxe3 22. c6) 22. Bc4 Kh8 (22... cxb4 23. Qxb4 $1) (22...
fxe3 23. bxc5 e2 (23... Ndxc5 24. Qxe5 {/\ Nc2-d4}) 24. Rf2 Kh8 25. Bxe6 Qxe6
26. Rxe2 $14) 23. Bxe6 Qxe6 24. bxc5 Qc6 (24... fxe3 25. Nxe3 Qc6 26. Bb2 $14)
25. e4 Re8 (25... Qxc5+ 26. Qxc5 Nxc5 27. Bxe5 {>< c7, f4, g7} Nd3 $1 28. Bc3
$14 (28. Bxc7 Rc8 29. Rd1 Ba6 (29... Rxc7 30. Rxd3 $18) 30. Ra1 Bb7 31. Rd1 Ba6
$10)) (25... Nxc5 26. Qxe5 Ne6 27. Nd4 Nxd4 28. Bxd4 $16) 26. Nb4 Qxc5+ 27.
Qxc5 Nxc5 28. Rc1 Nb3 29. Rxc7 Nxa1 (29... Bxe4 30. Bxe5 $16) 30. Rxb7 h6 (
30... Nb3 31. Nd3 Na5 (31... Nd4 32. Nxe5) 32. Rb5 Nc6 33. Rc5 $16 Re6 $140 34.
Nxe5 $1) 31. h4 $5 (31. Nc6 Re6 $8 (31... Rc8 32. Rb8 $1 $18 {><e5} (32. Nxe5
Rc1+ $132)) (31... g5 32. Rb8 $1) 32. Nd8 Re8 33. Nf7+ Kg8 34. Nd6 Re6 35. Nf5
g5 36. h4 $5 gxh4 37. Nxh4 Nc2 38. Nf5 $14) 31... Nb3 32. Nc6 Nc5 33. Rb5 Nd7
34. Rd5 Re6 {[#]} 35. Nd4 $1 Re7 36. Nf5 Rf7 37. h5 Kg8 (37... Nf6 38. Rxe5
Nxh5 (38... Rd7 39. Ne7) 39. Nxh6 $18) 38. Nh4 Nf6 39. Rxe5 Kh7 40. Rf5 Ra7 41.
Kh2 Ra8 42. Rxf4 (42. Ng6 Nxh5 43. Rxh5 Kxg6 44. Rf5 $16) 42... Nxh5 43. Rf7
Ra2 44. Nf5 Kg6 45. Rf8 Kg5 (45... Nf4 46. Ne7+ Kg5 47. Rf5+) 46. Ne7 g6 (46...
Nf4 $4 47. Rf5+) 47. Nd5 Kh4 48. Rg8 Ra6 (48... g5 49. Rg6) (48... Kg5 49. Kh3
{/\ g3} Ra3 50. Rf8 $18) 49. Ne7 Kg5 50. g3 $18 Ra2+ 51. Kh3 Kf6 52. Nd5+ Kf7
53. Rc8 Rf2 54. Rc7+ Ke6 55. Re7+ Kd6 56. Rf7 Ke6 57. Rf8 Ke5 58. g4 Ng7 59.
Kg3 Ra2 60. Rf6 g5 61. Rxh6 Ne6 62. Nb4 1-0

[Event "Biel MTO op"]
[Site "Biel"]
[Date "1994.??.??"]
[Round "8"]
[White "Adianto, Utut"]
[Black "Milov, Vadim"]
[Result "1-0"]
[WhiteElo "2520"]
[BlackElo "2590"]
[Annotator "Ambroz,J"]
[PlyCount "65"]
[EventDate "1994.07.??"]
[EventType "swiss"]
[EventRounds "11"]
[EventCountry "SUI"]
[SourceTitle "CBM 042"]
[Source "ChessBase"]
[SourceDate "1994.10.01"]
[SourceVersion "1"]
[SourceVersionDate "1994.10.01"]
[SourceQuality "1"]

1. d4 Nf6 2. c4 e6 3. Nc3 Bb4 4. Qc2 O-O 5. a3 Bxc3+ 6. Qxc3 b6 7. Bg5 Bb7 8.
e3 d6 9. f3 Nbd7 10. Bd3 h6 11. Bh4 e5 $5 {/\ e5-e4} 12. Ne2 (12. O-O-O e4 13.
Bc2 Qe7 14. f4 b5 $1 15. cxb5 Qe6 16. Bxf6 Nxf6 17. Ne2 Nd5 $36 {Greenfeld,
A-Milov,V/Israel/1993/}) (12. Bf5 exd4 13. exd4 Re8+ 14. Ne2 (14. Kd2 c5 $1 {
Flear-Legkij/Le Touquet/1991/}) 14... Nd5 $1 15. Bxd8 Nxc3 16. bxc3 Raxd8 $15 {
Ilincic-Legkij,N/Becej/1991/}) 12... e4 $5 13. fxe4 Qe8 14. e5 $1 dxe5 15.
O-O-O exd4 (15... e4 16. Bc2 c5 $6 17. Ba4) 16. exd4 Qe3+ 17. Kb1 Rae8 (17...
Ne4 18. Qc2 Rae8 19. Rhe1 $14) (17... Rfe8 $142 $5) 18. Ng3 Qf4 (18... Ne4 $5
19. Nxe4 Bxe4 20. Qc2 Qxd4 (20... Bxd3 21. Rxd3 Qe2 22. Rd2 Qe4 23. Bg3 $14)
21. Bxe4 Qxe4 22. Rxd7 Qxh4 23. Rxc7 Rc8 $5) 19. Bxf6 Nxf6 20. Rdf1 Qe3 (20...
Qg5 21. h4) 21. Rxf6 $1 {>< Pf7, f6, h6} gxf6 22. Ka2 $1 (22. Nh5 Qg5) (22. Nf5
Qxd3+ $1 23. Qxd3 Be4 24. Nxh6+ Kh7 $17) 22... Bxg2 $5 (22... Kh8 $5 23. Nf5 $1
(23. Rf1 Bxg2 24. Rxf6 {/\ 25.Nf5} Bh3 25. d5 $5 Re5 (25... Kg8 26. Nh5 Qe5 27.
Rxh6 Qxc3 28. Bh7+ Kh8 29. bxc3 $13 (29. Bc2+ Kg8 30. Bh7+ Kh8 31. Bc2+ $10))
26. Rxh6+ Qxh6 27. Qxe5+ $44) 23... Qg5 24. h4 $1 {>< Qg5} Qh5 (24... Qxg2 25.
Qc1 $1 $16 Qg6 26. Rg1 Qh5 (26... Qh7 27. Qf4 $1 Rg8 28. Nd6) 27. Qf4 $1 Rg8
28. Ng3) 25. g4 (25. d5 $5 Re5 $140 26. g4 Qxg4 27. Qd2 Qg6 28. Rg1 $1 Qh5 (
28... Qxg1 29. Qxh6+ Kg8 30. Ne7+ Rxe7 31. Qh7#) 29. Ng3 {>< Ph6} Qxh4 30. Rh1
Qg5 31. Rxh6+ Kg8 32. Rh8+ $1 Kg7 33. Rh7+ Kg8 34. Qh2 $18) 25... Qxg4 26. Qd2
Be4 $1 (26... Qh5 27. Ng3) (26... Bxh1 27. Qxh6+ Kg8 28. Ne7+ Rxe7 29. Qh7#)
27. Qxh6+ Kg8 28. Bxe4 (28. Qxf6 Qg6) 28... Rxe4 29. Qxf6 Kh7 30. Qh6+ Kg8 31.
Rf1 $40 (31. Qf6 Kh7 32. Qh6+ $10)) (22... Bc8 23. Rf1 $40) (22... c5 $5 {
/\ Re5,Qe5, /^ c3-h8} 23. d5 (23. Nf5 $140 cxd4) 23... Qe5 $13) (22... Be4 $5
23. Nxe4 Rxe4 24. Bxe4 Qxe4 25. Re1 $5 (25. Qg3+ $14) 25... Qxg2 $140 26. Qe3
$40) 23. Nf5 Qh3 24. Rg1 Kh8 25. Qd2 $1 {>< Ph6} Be4 (25... Rg8 $5 26. Qf4 $5
$13 (26. Qxh6+ Qxh6 27. Nxh6 Rg7 28. Nxf7+ Rxf7 29. Rxg2 (29. Bg6 Bd5 $1 30.
cxd5 Rg7 $17) 29... Re3 $17) (26. Nxh6 Rg7 27. Nxf7+ (27. Bf5 Qxh2 28. Nxf7+
Kg8 29. Nh6+ Kf8) (27. Nf5 Rg5) 27... Rxf7 28. Rxg2 Rg7) 26... Rg6 $140 27. Ng3
Rg7 28. Rxg2 $1 (28. Bf5 Qxh2 29. Rxg2 $1 Qxg2 30. Qxh6+ Kg8 31. Nh5 Re2 $1 32.
Nxf6+ Kf8 33. Qh8+ Rg8 34. Qh6+ Rg7 (34... Qg7 35. Qh4 Rh8 36. Nd7+ Ke8 37.
Nf6+ Ke7 38. Nh5+ f6 39. Bd3 Rxh5 $15) 35. Qh8+) 28... Qxg2 29. Qxh6+ Kg8 30.
Nh5 Re6 31. d5 Rd6 32. Nxf6+ Kf8 33. Qh8+ Ke7 34. Ne8 $44) 26. Rg3 Qh5 (26...
Qxf5 $4 27. Qxh6+ Qh7 28. Qxf6+) 27. Ng7 (27. Bxe4 Rxe4 28. Rg2 $44) 27... Qh4
28. Nxe8 Rxe8 $138 (28... Bxd3 $1 29. Nxc7 {/\ Qf2} (29. Qf2 Bxc4+ 30. b3 Rxe8
31. Rg8+ (31. bxc4 Re4 32. Qg2 Re8 33. Qf2 Re4 $10) 31... Rxg8 32. Qxh4 Rg2+
33. Ka1 Bxb3 34. Qxh6+ Kg8 $13 35. Qh3) (29. Qxd3 Rxe8 30. Rh3 Qf4 31. Rf3)
29... Bxc4+ (29... Bg6 30. Nd5 Rd8 $140 31. Rg4 $1) 30. b3 Be6 31. Qf2 $1 Bg4
32. h3) 29. Bxe4 Rxe4 30. Qg2 $1 Re8 31. Qf2 $1 Re4 32. Qf5 $1 Re6 33. Qd5 1-0

[Event "St Petersburg-ch"]
[Site "St Petersburg"]
[Date "1997.03.09"]
[Round "5"]
[White "Ivanov, Sergey"]
[Black "Aseev, Konstantin N"]
[Result "1/2-1/2"]
[WhiteElo "2515"]
[BlackElo "2530"]
[Annotator "Aseev,K"]
[PlyCount "47"]
[EventDate "1997.03.04"]
[EventType "swiss"]
[EventRounds "9"]
[EventCountry "RUS"]
[SourceTitle "CBM 058"]
[Source "ChessBase"]
[SourceDate "1997.06.01"]
[SourceVersion "1"]
[SourceVersionDate "1997.06.01"]
[SourceQuality "1"]

1. d4 Nf6 2. c4 e6 3. Nc3 Bb4 4. Qc2 O-O 5. a3 Bxc3+ 6. Qxc3 d6 7. Bg5 h6 8.
Bh4 g5 9. Bg3 Ne4 10. Qc2 f5 11. e3 Qf6 12. Bd3 (12. Ne2 $5 {/\} e5 13. f3 Nxg3
14. hxg3 $14) 12... Nxg3 13. hxg3 e5 14. O-O-O (14. Qc3 c5 15. dxe5 dxe5 16.
Bc2 Be6 $15 {Ahlander,B-Chernyshov,K/Berliner Sommer 1995/EXP 47/1-0 (88)})
14... Nc6 (14... e4 $11) 15. d5 Ne7 16. f4 $5 (16. f3 $6 c6 $15) 16... Bd7 (
16... c6 $5 {/\} 17. fxe5 (17. dxc6 $6 bxc6 $15) 17... dxe5 18. d6 $5 Qxd6 19.
g4 $1 $44) 17. fxe5 $8 dxe5 (17... Qxe5 18. Nf3 (18. Rxh6 Kg7 $13) 18... Qg7
$13) 18. e4 f4 19. gxf4 Qxf4+ 20. Kb1 Kg7 21. Nf3 (21. c5 $5) 21... Ng6 (21...
c5 $5) 22. c5 Rf6 (22... Qg3 $13) (22... Bg4 $5) 23. Nd2 Qf2 24. Nf1 (24. Rxh6
$2 Kxh6 25. Rf1 Qxg2 26. Rxf6 Kg7 $15) (24. Nf1 Qxc2+ 25. Kxc2 Rf2+ 26. Rd2
Raf8 $15) 1/2-1/2

[Event "SLO-chT2"]
[Site "Skofja Loka"]
[Date "1998.11.29"]
[Round "4"]
[White "Atalik, Suat"]
[Black "Justin, Matjaz"]
[Result "1-0"]
[WhiteElo "2585"]
[BlackElo "2395"]
[Annotator "Atalik,S"]
[PlyCount "89"]
[EventDate "1998.11.27"]
[EventType "team"]
[EventRounds "7"]
[EventCountry "SLO"]
[SourceTitle "EXT 2002"]
[Source "ChessBase"]
[SourceDate "2001.11.25"]
[SourceVersion "1"]
[SourceVersionDate "2001.11.25"]
[SourceQuality "1"]

1. d4 Nf6 2. c4 e6 3. Nc3 Bb4 4. Qc2 O-O 5. a3 Bxc3+ 6. Qxc3 b6 7. Bg5 Bb7 8.
f3 $5 d6 $5 (8... h6 9. Bh4 d5 10. e3 Nbd7 11. cxd5 Nxd5 12. Bxd8 Nxc3 13. Bh4
Nd5 14. Bf2 $14) 9. e4 c5 10. d5 exd5 $5 (10... Nxe4 $5 11. Bxd8 Nxc3 12. Bh4
$1 (12. Be7 $2 Re8 13. Bxd6 exd5+ 14. Kd2 Na4 15. b3 dxc4 16. Bxb8 cxb3 $1 $17)
12... Na4 13. b3 Nc3 14. Kd2 (14. dxe6 $6 d5) 14... Nxd5 15. cxd5 Bxd5 16. Be7
Re8 17. Bxd6 Bxb3 (17... Rd8 18. Bxb8 $18) 18. Kc3 $16) (10... Nbd7 11. Nh3 $14
) 11. Bxf6 gxf6 (11... Qxf6 12. Qxf6 gxf6 13. exd5 $16) 12. exd5 (12. cxd5 f5 (
12... Nd7 13. Bb5) 13. e5 dxe5 (13... Re8 14. f4 dxe5 15. O-O-O e4 16. Bb5 $44)
14. O-O-O $44) 12... Re8+ 13. Kf2 Nd7 14. Ne2 (14. f4 $6 f5) 14... Ne5 15. Nf4
f5 (15... Ng6 $2 16. Nh5 Re5 17. g4 f5 18. f4 Qh4+ 19. Qg3 $1 $18) 16. g3 Qg5
17. Be2 Re7 18. Rae1 Rae8 19. Ng2 Bc8 $1 20. h3 $1 (20. f4 Ng4+ 21. Bxg4 Qxg4
22. Rxe7 Rxe7 23. Re1 Rxe1 24. Qxe1 Kf8 25. Qc3 Qg7 $11) 20... Qg7 21. f4 Ng6
$2 (21... Nd7 22. Qxg7+ Kxg7 23. Bd3 Nf6 $14) 22. Qxg7+ Kxg7 23. Bd3 Rxe1 24.
Nxe1 $1 $16 Bd7 25. Nc2 Rb8 26. Ne3 Ne7 27. b4 cxb4 $6 (27... a5 28. Rb1) 28.
axb4 a5 29. Ra1 $1 Ra8 (29... axb4 30. Ra7 Rd8 31. Rb7) 30. Nc2 Ra7 31. Nd4 Kf6
32. Nb3 a4 33. b5 $1 $18 a3 34. Ra2 Ra4 35. Na1 $1 h6 36. Nc2 Be8 37. Kf3 h5
38. Ke3 Bd7 39. Be2 Kg6 40. Rxa3 Rxa3+ 41. Nxa3 Ng8 $6 (41... Nc8 42. Nb1 Be8
43. Nc3 Bd7 44. Na4 Be8 45. Kd4 Bd7 46. c5 dxc5+ 47. Nxc5 bxc5+ 48. Kxc5 $18)
42. c5 $1 bxc5 (42... dxc5 43. Nc4) 43. b6 Bc8 44. Bb5 Nf6 45. Bc6 1-0

[Event "Isthmia op 1st"]
[Site "Vrachati"]
[Date "2011.08.19"]
[Round "2"]
[White "Atalik, Suat"]
[Black "Galopoulos, Nikolaos"]
[Result "1-0"]
[WhiteElo "2619"]
[BlackElo "2327"]
[Annotator "Atalik,S"]
[PlyCount "61"]
[EventDate "2011.08.18"]
[EventType "swiss"]
[EventRounds "9"]
[EventCountry "GRE"]
[SourceTitle "CBM 144 Extra"]
[Source "ChessBase"]
[SourceDate "2011.10.28"]
[SourceVersion "1"]
[SourceVersionDate "2011.10.28"]
[SourceQuality "1"]

1. d4 Nf6 2. c4 e6 3. Nc3 Bb4 4. Qc2 O-O (4... d5 5. cxd5 exd5 (5... Qxd5 6.
Nf3 Qf5 7. Qb3 $1 Nc6 (7... c5 8. a3 Bxc3+ (8... Ba5 9. Qc4 O-O 10. b4 cxb4 11.
axb4 b5 12. Nxb5 Ba6 13. g4 $5 {is a fragment of my game which was played 15
years ago.}) 9. Qxc3 Nbd7 10. g4 $1 Qxg4 (10... Qd5 11. Bg2) 11. dxc5 $36) 8.
Bd2 O-O 9. e3 $5 a6 10. Be2 Bd6 11. Nh4 Qg5 12. g3 $14 {is at least playable
for White.}) 6. Bg5 c5 7. Nf3 h6 (7... cxd4 8. Nxd4 Nc6 9. Rd1 h6 10. Bxf6 Qxf6
11. e3 O-O 12. Be2 Be6 13. O-O Rac8 14. Qa4 Bxc3 15. bxc3 $14 {is this a real
edge?}) 8. Bxf6 Qxf6 9. a3 Ba5 (9... Bf5 10. Qa4+ Bd7 11. Qb3 Bxc3+ 12. Qxc3
O-O $5 13. e3 Rc8 14. Be2 $14) 10. dxc5 Bxc3+ 11. Qxc3 Qxc3+ 12. bxc3 Na6 13.
Rd1 Be6 (13... Nxc5 14. Rxd5 b6) 14. e4 dxe4 15. Bxa6 bxa6 16. Nd4) (4... c5 $5
5. dxc5 O-O 6. Nf3 Na6 {could also have been the game continuation by a mere
transposition.}) 5. Nf3 b6 $6 {To give up the fight for the center in this
stage of the game may at least be called a very risky strategy.} (5... c5 6.
dxc5 Na6 $1 {was known as the antidote of this system.} {until Morozevich came
up with} 7. c6 $5 (7. g3 Nxc5 8. Bg2 Nce4 (8... b6 9. O-O Bb7 10. Nb5 Be4 11.
Qd1 Nb7 12. Bf4 $14) 9. O-O (9. Bd2 Nxd2 10. Nxd2 Rb8 11. O-O b6 $132 {and
Black is not worse like I have had once with Viktor Lvovich.}) 9... Nxc3 10.
bxc3 Be7 11. e4 d6 12. e5 dxe5 13. Nxe5 Qc7 14. Qe2 Bd6 15. Bf4 Nd7 (15... Ne8
$5 16. Qe4) 16. Nxd7 Bxd7 17. Bxd6 Qxd6 18. Bxb7 Rab8 $11 {may be equal after
all when coverting the extra pawn turns out to be an issue.}) 7... bxc6 8. g3
d5 9. a3 Bd6 {seems to be the most critical line.} 10. Bg2 e5 11. Bg5 Be6 12.
O-O $13 {may be a considerable improvement.}) (5... d5 $5 6. cxd5 exd5 7. Bg5
c5 8. e3 ({or} 8. dxc5 {transposes to Ragozin line of QGD.})) 6. e4 d5 7. e5
Ne4 8. Bd3 Bb7 9. O-O Bxc3 10. bxc3 c5 11. dxc5 $1 Nd7 12. cxd5 exd5 13. Be3 $1
$146 (13. c6 Bxc6 14. e6 Ndc5 $1 15. Ne5 (15. exf7+ $6 Rxf7 16. Ne5 Ba4 $1 (
16... Rc7 17. Nxc6 Rxc6 18. Bb5 $14) 17. Nxf7 Bxc2 18. Nxd8 Bxd3 19. Nc6 Bxf1
20. Kxf1 Nd3 $36) 15... Ba4 $132) (13. cxb6 axb6 14. Be3 {might have result in
a transposition.}) 13... Rc8 $6 (13... Qc7 $142 14. cxb6 (14. c4 Ndxc5 (14...
Nxe5 15. c6) 15. cxd5 Bxd5 $11) 14... axb6 15. Bd4 Ba6 $44) 14. Rfd1 (14. Rad1
Qc7 15. cxb6 axb6 16. Bd4 $16) 14... Qc7 15. cxb6 axb6 16. Bd4 {In principle
this should have favor White but Black is not left without ressources.} Ndc5
17. Rab1 Ne6 18. Qb2 $5 ({Safer is obviously to go for opposite colored
Bishops endgame.} 18. Bxb6 Qxc3 19. Bxe4 dxe4 (19... Qxc2 20. Bxc2 Rxc2 21. a4
$16) 20. Qxc3 Rxc3 21. Nd4 Nxd4 22. Bxd4 Rc7 23. a4 $16) 18... Ba8 19. Rbc1 (
19. Bxb6 Qxc3) 19... Nf4 20. Bf1 Qd7 21. Kh1 $6 (21. Ne1 $16 {was the ultimate
form of prophylaxis.}) 21... Rc6 $1 22. g3 Qg4 23. Ng1 Rg6 24. Re1 f6 25. e6 (
25. exf6 Rfxf6 $1 $132 {makes use of the sleeping giant on a8-h1 diagonal.})
25... Re8 26. h3 (26. Qxb6 $4 Nxf2+ 27. Bxf2 d4+ $19) 26... Qg5 27. h4 $2 $138
{In a mutual time trouble I knew that I was about to miss certain things alas
I could not have spotted them in advance.} (27. Bb5 Rxe6 28. Qa3 Bb7 29. Qa7
Re7 30. Qb8+ Kf7 31. Qxf4 Qxf4 32. gxf4 $18 {is forced after all.}) 27... Qg4 (
27... Nxg3+ 28. fxg3 Qxg3 29. Qh2 Qg4 30. Re3 Rh6 31. Nf3 $16) 28. e7 Rh6 $2 {
Here he missed a golden opportunity.} (28... Nh5 $1 29. Re3 Rxe7 30. Bh3 Nhxg3+
31. fxg3 Nxg3+ 32. Rxg3 Qxg3 33. Qh2 Qd3 34. Qb8+ Kf7 35. Qxa8 Qe4+ 36. Kh2
Qf4+ 37. Kh1 Qxc1 $5 (37... Qe4+ $11) 38. Qxd5+ Kf8 39. Be6 $1 {Now White has
to settle for a draw.} Qf4 40. Qa8+ Re8 41. Qa3+ Re7 42. Qa8+ $11) 29. Kh2 g5 (
29... Rxe7 30. Qxb6 Re8 31. Nh3 Ne6 $16 {even this ain't no simple.}) 30. Nh3
gxh4 $4 $138 {This could only be explained by the extreme shortage of time.} (
30... Nxh3 31. Bxh3 Qh5 (31... Qf3 32. Re3) 32. Bf5 $1 $16 gxh4 $140 33. g4)
31. gxf4 1-0

[Event "SRB-chT Central"]
[Site "Kraljevo"]
[Date "2014.09.17"]
[Round "6.4"]
[White "Atalik, Suat"]
[Black "Iordachescu, Viorel"]
[Result "1/2-1/2"]
[WhiteElo "2549"]
[BlackElo "2603"]
[Annotator "Atalik,S"]
[PlyCount "55"]
[EventDate "2014.09.13"]
[EventType "team-tourn"]
[EventRounds "11"]
[EventCountry "SRB"]
[SourceTitle "CBM 163"]
[Source "ChessBase"]
[SourceDate "2014.11.11"]
[SourceVersion "1"]
[SourceVersionDate "2014.11.11"]
[SourceQuality "1"]
[WhiteTeam "Kraljevo"]
[BlackTeam "Valjevo Sveti Nikolaj"]
[WhiteTeamCountry "SRB"]
[BlackTeamCountry "SRB"]

1. d4 Nf6 2. c4 e6 3. Nc3 Bb4 4. Qc2 O-O 5. e4 $5 {Something new!} d5 6. e5 Ne4
7. Bd3 c5 8. Nf3 ({There is no difference between} 8. Nge2 {and the text in
this line.}) 8... cxd4 9. Nxd4 Nd7 10. Bf4 Qb6 $5 {An attempt by Kramnik.} (
10... Qh4 11. g3 Qh5 $1 {The problem is the main line after which it is almost
impossible to prove an advantage.}) 11. Ndb5 $1 $146 {The only attempt to make
something happen.} (11. Nb3 Qc7 12. O-O Nxe5 13. Bxe4 dxe4 14. Qxe4 Bxc3 15.
bxc3 f6 $14 {Anand-Kramnik, Moscow 2013.}) 11... Ndc5 (11... a6 $5 12. cxd5
Qxf2+ 13. Qxf2 Nxf2 14. Kxf2 axb5 15. Bxb5 Bxc3 16. bxc3 exd5 17. Be3 $1 Nxe5
$140 18. Bc5 $16) 12. O-O Nxd3 13. Qxd3 Nxc3 14. bxc3 {I was in between the
text} ({and} 14. Nxc3 $5 dxc4 15. Qg3 $44) 14... dxc4 15. Qg3 $1 (15. Qxc4 Bd7
$1 16. Qxb4 (16. Nd4 Bc5) 16... Qxb5 $11) 15... Kh8 16. cxb4 {The attacking
tendencies of opposite coloured bishops are very well known; that is why White
rushes into an immediate exchange.} (16. a4 Be7 17. Be3 Qa5 18. Rfd1 b6 $13)
16... Qxb5 17. Rfd1 $5 b6 (17... Qxb4 18. Bg5 Qb2 19. Rac1 b5 20. Qf3 Rb8 21.
Bf6 gxf6 22. Qxf6+ Kg8 $11 {does not deliver more than a draw. It is a typical
line which looks very attractive possibly only during the game.}) 18. Bg5 $5 {
A risky attempt when the draw is there.} (18. Bh6 gxh6 19. Qf3 $11) 18... Bb7
19. Be7 Rfc8 $1 {Black supports the c-passer and forces the draw.} (19... Rfe8
20. Bd6) 20. Rd4 c3 (20... Qe8 21. Qh4 c3 22. Bf6 $40) 21. Re1 $1 {White is
all set up to force a draw. The rook controls the e-file.} c2 22. Qxg7+ $1 $11
Kxg7 23. Rg4+ Kh6 24. Rh4+ Kg6 25. Rg4+ Kh5 26. Rh4+ Kg6 27. Rg4+ Kh5 28. Rh4+
1/2-1/2

[Event "Hoogeveen Essent op"]
[Site "Hoogoveen"]
[Date "2005.10.27"]
[Round "7"]
[White "Atalik, Suat"]
[Black "Van der Wiel, John"]
[Result "1/2-1/2"]
[WhiteElo "2620"]
[BlackElo "2503"]
[Annotator "Atalik,S"]
[PlyCount "61"]
[EventDate "2005.10.21"]
[EventType "swiss"]
[EventRounds "9"]
[EventCountry "NED"]
[SourceTitle "EXT 2006"]
[Source "ChessBase"]
[SourceDate "2005.11.24"]
[SourceVersion "1"]
[SourceVersionDate "2005.11.24"]
[SourceQuality "1"]

1. d4 Nf6 2. c4 e6 3. Nc3 Bb4 4. Qc2 O-O 5. a3 Bxc3+ 6. Qxc3 d6 $5 7. g3 $6 {
After this game I am not especially happy about this little move which is
played to prevent black's queenbishop fianchetto.} Qe7 (7... e5 $5) ({and
especially} 7... Bd7 $5 {are interesting alternatives.} 8. Bg2 Bc6 9. Nf3 Be4
10. O-O Nbd7 $11) 8. Bg2 a5 9. b3 (9. b4 $2 {is to loose.} axb4 10. axb4 Rxa1
11. Qxa1 e5 12. Nf3 (12. dxe5 dxe5) (12. Bg5 Nc6 13. Bxc6 $6 bxc6 14. dxe5 dxe5
15. Qc3 Rd8 $17) 12... e4 $17) 9... e5 10. dxe5 dxe5 11. Nf3 Nc6 12. O-O Rd8
13. Be3 Bg4 14. h3 Bxf3 15. Bxf3 (15. exf3 Nd4 16. Rfe1 c5 $11) 15... Nd4 $15 {
Black is slightly better but white's pair of bishops may defend this position
enough for an equal game.} 16. Rfe1 c6 17. b4 axb4 (17... Qd7 18. Kh2 axb4 19.
axb4 Rxa1 20. Rxa1 Nxf3+ 21. exf3 Qf5 22. Bb6 $11) 18. axb4 Rxa1 19. Rxa1 h6 (
19... Ne4 20. Qb2 Nxf3+ 21. exf3 Nd6 22. Bc5 $11) 20. Kh2 Qe6 21. Ra5 $1 $11 {
I had to find this difficult move to equalize.} Nxf3+ 22. exf3 e4 23. Bd4 $1
exf3 24. Bxf6 Qxf6 (24... Qe2 $4 25. Bd4 Qf1 26. Qxf3 Rxd4 27. Ra8+ Kh7 28.
Qf5+ $18) 25. Qxf6 gxf6 26. g4 $11 (26. Ra7 Rd2 27. g4 Rxf2+ 28. Kg3 Rc2 29. c5
f2 30. Kg2 Rc3 31. Kxf2 Rxh3 32. Rxb7 $11) 26... Rd2 27. Kg3 Rc2 28. Ra7 Rxc4
29. Rxb7 Kg7 30. b5 cxb5 31. Rxb5 1/2-1/2